[Event "1st Marcel Duchamp Cup"]
[Site "masterchessopen.com Montevideo URU"]
[Date "2017.02.11"]
[Round "4.5"]
[White "Garcia Palermo,C"]
[Black "Lopez Azambuja,N"]
[Result "1-0"]
[WhiteElo "2438"]
[BlackElo "2284"]

1.Nf3 Nf6 2.g3 d5 3.Bg2 e6 4.O-O Be7 5.b3 c5 6.Bb2 Nc6 7.e3 O-O 8.Qe2 b6 9.c4
Bb7 10.d4 cxd4 11.exd4 Rc8 12.Nbd2 Qc7 13.Rfc1 Qb8 14.Nf1 Rfe8 15.Ne3 Bf8
16.Ne5 dxc4 17.Nxc6 Bxc6 18.Bxc6 Rxc6 19.bxc4 Rcc8 20.a4 Nd7 21.f4 Qb7 22.Qg2
Qxg2+ 23.Kxg2 Bb4 24.Rc2 Nb8 25.Kf3 Nc6 26.Rb1 Be7 27.g4 Red8 28.Rd1 Na5 29.g5
Bf8 30.h4 Rc6 31.h5 Rdc8 32.d5 exd5 33.Rxd5 Rc5 34.Rxc5 Bxc5 35.Nd5 Bf8 36.h6
Rxc4 37.Re2 Rc8 38.Bxg7 {#r} 1-0

[Event "1st Marcel Duchamp Cup"]
[Site "masterchessopen.com Montevideo URU"]
[Date "2017.02.11"]
[Round "4.6"]
[White "Hoffman,A"]
[Black "Fernandez,Maria"]
[Result "1-0"]
[WhiteElo "2482"]
[BlackElo "2246"]

1.d4 Nf6 2.c4 g6 3.Nc3 Bg7 4.e4 d6 5.Nf3 O-O 6.Be2 e5 7.Be3 Ng4 8.Bg5 f6 9.Bh4
g5 10.Bg3 Nh6 11.h3 Nc6 12.d5 Ne7 13.Qc2 Ng6 14.Nd2 Nf4 15.Bf1 c6 16.O-O-O
cxd5 17.cxd5 a6 18.Kb1 b5 19.Qb3 Bd7 20.f3 Qa5 21.Bf2 Rfc8 22.a3 Bf8 23.g3 Nh5
24.Be2 Be7 25.f4 Ng7 26.f5 Bd8 27.g4 Bb6 28.Nc4 Rxc4 29.Bxb6 Rxc3 30.Bxa5 Rxb3
31.Bc3 Rc8 32.Rc1 Nf7 33.Ka2 Rbxc3 34.Rxc3 Rxc3 35.bxc3 Nd8 36.c4 Ne8 37.cxb5
axb5 38.Rb1 Nb7 39.a4 b4 40.Rxb4 Nc5 41.a5 Nc7 42.Rb6 Kf7 43.Rxd6 Ke7 44.Rb6
Nxe4 45.Bc4 Nc3+ 46.Kb3 N3xd5 47.Rb8 Ne3 48.Rh8 Kd6 49.Be2 Bc6 50.Rxh7 Bg2
51.h4 gxh4 52.Rxh4 Ned5 53.Rh8 Nf4 54.Bc4 Bf3 55.Rg8 Kc5 56.a6 Kb6 57.Rb8+ Ka7
58.Rf8 Nxa6 59.Rf7+ Bb7 60.Bxa6 Kxa6 61.Rxf6+ Kb5 62.g5 Kc5 63.g6 Bd5+ 64.Kc3
e4 65.Rf8 Kd6 66.g7 Ke5 67.f6 Ng6 68.f7 Ne7 69.g8=Q {#r} 1-0

[Event "1st Marcel Duchamp Cup"]
[Site "masterchessopen.com Montevideo URU"]
[Date "2017.02.11"]
[Round "4.9"]
[White "Oddone,C"]
[Black "Cuevas Araya,W"]
[Result "0-1"]
[WhiteElo "2235"]
[BlackElo "2156"]

1.d4 Nf6 2.Bg5 d5 3.e3 e6 4.Bd3 c5 5.c3 Nc6 6.Nd2 Be7 7.f4 cxd4 8.exd4 Qb6
9.Qb3 Qc7 10.Ngf3 h6 11.Bxf6 gxf6 12.f5 Na5 13.Qa4+ Bd7 14.Bb5 Nc6 15.O-O Rg8
16.Rae1 a6 17.fxe6 fxe6 18.Bxc6 Qxc6 19.Qxc6 bxc6 20.c4 Rb8 21.b3 Kd8 22.cxd5
cxd5 23.Rc1 Rc8 24.Rxc8+ Kxc8 25.Rc1+ Kb7 26.Kf2 Bd6 27.Nf1 Rc8 28.Rxc8 Bxc8
29.Ne3 Bf8 30.g4 Kc6 31.h4 Be7 32.h5 Kd6 33.Nh4 Bd8 34.Kf3 Bb6 35.Nc2 a5
36.Ng6 Ba6 37.Ke3 Bb5 38.a4 Bd7 39.Nh4 e5 40.Kf3 exd4 41.Ne1 f5 42.gxf5 Bd8
43.Nhg2 Bxf5 44.Nf4 Bh4 45.Ned3 Bg5 46.Nf2 Bc2 47.N4h3 Be3 {#R} 0-1

[Event "1st Marcel Duchamp Cup"]
[Site "masterchessopen.com Montevideo URU"]
[Date "2017.02.11"]
[Round "4.11"]
[White "Zuriel,M"]
[Black "Izquierdo,D"]
[Result "1-0"]
[WhiteElo "2245"]
[BlackElo "2083"]

1.e4 e5 2.Nf3 Nc6 3.Bc4 Nf6 4.d3 Bc5 5.O-O d6 6.c3 O-O 7.Bb3 a6 8.Nbd2 Ba7
9.h3 Ne7 10.Re1 Ng6 11.Nf1 Be6 12.Be3 Bxe3 13.fxe3 c6 14.Ng3 Qd7 15.Qc2 Bxb3
16.Qxb3 d5 17.Rad1 Rfe8 18.Rf1 b5 19.Rf2 h6 20.Nh2 Re6 21.Rdf1 Rf8 22.Qc2 dxe4
23.dxe4 Nh7 24.Nf5 Ne7 25.Rd1 Qa7 26.Qe2 Ng5 27.Qg4 Nxf5 28.exf5 Ree8 29.h4
Nh7 30.f6 g6 31.h5 g5 32.Qe4 Re6 33.Ng4 Kh8 34.Kh1 Qc5 35.Rd7 Qc4 36.Qxc4 bxc4
37.e4 c5 38.Kg1 Rb6 39.Kf1 Rfb8 40.Rxf7 Rxb2 41.Rxb2 Rxb2 42.Nxe5 Rb1+ 43.Kf2
Rb2+ 44.Kg3 Nxf6 45.Rxf6 Rxa2 46.Rxh6+ Kg7 47.Rg6+ Kf8 48.h6 {#r} 1-0

[Event "1st Marcel Duchamp Cup"]
[Site "masterchessopen.com Montevideo URU"]
[Date "2017.02.11"]
[Round "4.13"]
[White "Coro,Lucas"]
[Black "Torella,R"]
[Result "1-0"]
[WhiteElo "2234"]
[BlackElo "2056"]

1.e4 c5 2.Nf3 Nc6 3.Bb5 Qb6 4.Nc3 e6 5.Bxc6 Qxc6 6.O-O a6 7.d4 cxd4 8.Nxd4 Qc7
9.Re1 d6 10.Bf4 Bd7 11.e5 O-O-O 12.Qe2 Qb6 13.Rad1 d5 14.Nb3 h6 15.a4 g5
16.Be3 Qc7 17.Qf3 Bg7 18.a5 Re8 19.Bb6 Qb8 20.Qxf7 Bxe5 21.Rxe5 Qxe5 22.Bd4
{#r} 1-0

[Event "1st Marcel Duchamp Cup"]
[Site "masterchessopen.com Montevideo URU"]
[Date "2017.02.11"]
[Round "4.14"]
[White "Curi,G"]
[Black "Nejanky,M"]
[Result "0-1"]
[WhiteElo "2231"]
[BlackElo "2018"]

1.d4 Nf6 2.c4 e6 3.Nc3 Bb4 4.f3 d5 5.a3 Be7 6.e4 dxe4 7.fxe4 e5 8.d5 Bc5 9.Bg5
h6 10.Bh4 a5 11.Nf3 Bg4 12.h3 Bxf3 13.Qxf3 Nbd7 14.Bd3 O-O 15.O-O-O Qe7
16.Rhf1 Ra6 17.Bc2 Qd6 18.Kb1 Qb6 19.Na4 Qa7 20.Nxc5 Qxc5 21.Bf2 Qd6 22.Qe3 b6
23.g4 Nc5 24.Rg1 Nfd7 25.Rg2 a4 26.Rdg1 b5 27.cxb5 Rb6 28.Be1 Rxb5 29.g5 Rfb8
30.Bb4 h5 31.g6 f6 32.Bxa4 Rxb4 33.axb4 Nxa4 34.Qf3 Qxb4 35.Qxh5 Qxe4+ 36.Kc1
Nf8 37.Qg4 Qe3+ 38.Kb1 Qa3 39.Kc1 Qa1+ 40.Kd2 Qxb2+ 41.Ke1 Qc3+ 42.Rd2 Qe3+
{#R} 0-1

[Event "83rd ch-BRA 2017"]
[Site "masterchessopen.com Rio de Janeiro BRA"]
[Date "2017.02.11"]
[Round "7.2"]
[White "Souza Neves,A"]
[Black "De Paula,Rafael Figueiredo"]
[Result "1-0"]
[WhiteElo "2218"]
[BlackElo "2322"]

1.d4 f5 2.Bf4 Nf6 3.e3 d6 4.Nf3 g6 5.h4 h6 6.Bc4 e6 7.Nc3 Qe7 8.Qe2 Bg7 9.e4
fxe4 10.Nxe4 Nh5 11.Bh2 Nc6 12.Bd3 O-O 13.c3 Bd7 14.O-O-O Qf7 15.Kb1 Rab8
16.Qc2 Ne7 17.Nxd6 cxd6 18.Bxd6 Nf4 19.Be4 Bc6 20.Bxb8 Rxb8 21.g3 Bxe4 22.Qxe4
Nfd5 23.Ne5 Bxe5 24.Qxe5 Nc6 25.Qe2 Re8 26.f4 Qf5+ 27.Ka1 Nb6 28.g4 Qxf4
29.Rdf1 Qc7 30.Rf6 Qg7 31.Rhf1 Nd7 32.Rxe6 Rf8 33.Rxf8+ Nxf8 34.Re8 Qf7 35.h5
Qf4 36.Kb1 gxh5 37.gxh5 Qf5+ 38.Kc1 Qg5+ 39.Kc2 Qf5+ 40.Qe4 Qxe4+ 41.Rxe4 Kf7
42.d5 Ne7 43.c4 Nf5 44.c5 Nd7 45.c6 bxc6 46.dxc6 Nb6 47.c7 Nd6 48.Re5 Kf6
49.Rc5 Ke6 50.a4 Ndc8 51.a5 Nd5 52.Rc6+ Kf5 53.Rxh6 Kg5 54.Rh8 Nde7 55.Kb3 Kf6
56.h6 Kg6 57.Kc4 a6 58.Kc5 Kf6 59.Rxc8 Nxc8 60.Kc6 {#r} 1-0

[Event "83rd ch-BRA 2017"]
[Site "masterchessopen.com Rio de Janeiro BRA"]
[Date "2017.02.11"]
[Round "7.3"]
[White "Quintiliano Pinto,R"]
[Black "Mekhitarian,K"]
[Result "0-1"]
[WhiteElo "2491"]
[BlackElo "2561"]

1.e4 e5 2.Nc3 Nf6 3.g3 d5 4.exd5 Nxd5 5.Bg2 Nxc3 6.bxc3 Nc6 7.Ne2 Bc5 8.O-O
O-O 9.d3 Be6 10.c4 Qd7 11.Be3 Bxe3 12.fxe3 Rad8 13.Qb1 Na5 14.Qb4 b6 15.Nc3 f5
16.Rae1 e4 17.Rd1 c5 18.Qb2 Qe7 19.Kh1 g6 20.Qc1 Bf7 21.dxe4 Qe5 22.Qa1 Nxc4
23.exf5 Rxd1 24.Rxd1 Nxe3 25.Re1 Qd4 26.fxg6 Bxg6 27.Nd5 Qxa1 28.Rxa1 Nxc2
29.Rd1 Nd4 30.Re1 Kg7 31.Nf4 Re8 32.Ra1 c4 33.Nd5 Bf7 34.Rd1 Bxd5 35.Bxd5 c3
36.Rxd4 Re1+ 37.Kg2 c2 38.Rc4 c1=Q 39.Rxc1 Rxc1 40.g4 b5 41.h4 a5 42.Kf3 a4
43.Ke2 Rc5 44.Be4 b4 45.Kd2 Rc4 46.Bf5 a3 47.Be6 Re4 {#R} 0-1

[Event "83rd ch-BRA 2017"]
[Site "masterchessopen.com Rio de Janeiro BRA"]
[Date "2017.02.11"]
[Round "7.4"]
[White "Pinto,C"]
[Black "Nogueira,I"]
[Result "0-1"]
[WhiteElo "2121"]
[BlackElo "2308"]

1.d4 Nf6 2.c4 d6 3.Nf3 Nbd7 4.g3 g6 5.Bg2 Bg7 6.O-O O-O 7.Nc3 c6 8.h3 a6 9.a4
a5 10.g4 Nb8 11.Bf4 Na6 12.Qd2 Nd7 13.Bh6 Nb4 14.Bxg7 Kxg7 15.Rad1 d5 16.cxd5
cxd5 17.e4 dxe4 18.Nxe4 Nb6 19.Nc5 N6d5 20.Ne5 b6 21.Ncd3 Bb7 22.Nxb4 axb4
23.b3 Rc8 24.Rc1 Rc3 25.Rxc3 bxc3 26.Qc2 Qc7 27.Rc1 Nf4 28.Be4 Rd8 29.Nf3 f5
30.gxf5 gxf5 31.Bxb7 Qxb7 32.d5 Qc8 33.Kh2 Nxd5 34.Rg1+ Kh8 35.Ne5 Qe6 36.f4
Rg8 37.Rxg8+ Kxg8 38.Qd3 Kg7 39.Qg3+ Kf8 40.Qd3 Nxf4 41.Qxc3 Qd5 42.Nf3 Ng6
43.Kg3 Qe4 44.Qc8+ Kg7 45.Qc3+ Kh6 46.b4 e5 47.a5 bxa5 48.bxa5 Qe2 49.h4 e4
50.Nd4 Qf1 {#R} 0-1

[Event "83rd ch-BRA 2017"]
[Site "masterchessopen.com Rio de Janeiro BRA"]
[Date "2017.02.11"]
[Round "7.5"]
[White "Jatoba de Oliveira Reis,P"]
[Black "Macedo,MIa"]
[Result "1-0"]
[WhiteElo "2397"]
[BlackElo "2366"]

1.Nf3 Nf6 2.g3 g6 3.Bg2 Bg7 4.c4 c5 5.Nc3 O-O 6.d4 cxd4 7.Nxd4 Nc6 8.O-O Qa5
9.Nc2 d6 10.Bd2 Qh5 11.e4 Qxd1 12.Raxd1 Ne5 13.b3 Bd7 14.Ne3 Bc6 15.Bc1 a6
16.h3 Ned7 17.Ned5 Bxd5 18.Nxd5 Nxd5 19.Rxd5 Rab8 20.Bg5 Rfe8 21.Rc1 Rbc8
22.Be3 Rc7 23.f4 Rec8 24.Rcd1 Nf6 25.Ra5 Nd7 26.Rad5 Bc3 27.e5 Bb4 28.h4 f6
29.Bh3 fxe5 30.Be6+ Kg7 31.fxe5 Rf8 32.exd6 exd6 33.Bxd7 Rxd7 34.c5 Rf5
35.Rxd6 Re7 36.Rd7 Rff7 37.Rxe7 Rxe7 38.Kf2 h5 39.Rd5 Kf7 40.Kf3 Ke6 41.Ke4
Be1 42.Bg5 Rd7 43.Re5+ Kf7 44.Bf4 Bf2 45.Rd5 Re7+ 46.Kd3 Ke6 47.Kc4 Rd7
48.Rxd7 Kxd7 49.b4 Ke6 50.a4 Kf5 51.b5 axb5+ 52.axb5 g5 53.hxg5 h4 54.gxh4
{#r} 1-0

[Event "83rd ch-BRA 2017"]
[Site "masterchessopen.com Rio de Janeiro BRA"]
[Date "2017.02.11"]
[Round "8.3"]
[White "Nogueira,I"]
[Black "Jatoba de Oliveira Reis,P"]
[Result "0-1"]
[WhiteElo "2308"]
[BlackElo "2397"]

1.e3 g6 2.c4 Bg7 3.Nc3 c5 4.g3 Nc6 5.Bg2 Nf6 6.Nge2 d6 7.O-O O-O 8.d4 Bg4 9.h3
Bd7 10.b3 Qc8 11.Kh2 Rb8 12.Bb2 a6 13.dxc5 dxc5 14.Nf4 Rd8 15.Qe2 e6 16.Na4 b6
17.Bc3 Ne7 18.Qb2 Ne8 19.Bxg7 Nxg7 20.Nc3 Bc6 21.Ne4 Ne8 22.Qe5 Rb7 23.h4 Bxe4
24.Bxe4 Rbd7 25.h5 Qc7 26.Qg5 Rd2 27.hxg6 hxg6 28.Kg2 Nd6 29.Bf3 Ndf5 30.Nh5
Nxe3+ 31.Qxe3 gxh5 32.Qg5+ Ng6 33.Bxh5 Qe5 34.Qh6 R8d3 35.Bf3 Qf5 36.Bb7 Rd4
37.Rae1 Rxa2 38.Re3 Ne5 39.Bf3 Rdd2 40.Qh4 Nd3 41.Rxd3 Qxd3 42.g4 Qd4 43.Qg3
Kg7 44.g5 e5 45.Bd5 Rd3 {#R} 0-1

[Event "83rd ch-BRA 2017"]
[Site "masterchessopen.com Rio de Janeiro BRA"]
[Date "2017.02.11"]
[Round "8.4"]
[White "Mekhitarian,K"]
[Black "Pinto,C"]
[Result "1-0"]
[WhiteElo "2561"]
[BlackElo "2121"]

1.Nf3 Nf6 2.d4 g6 3.c4 Bg7 4.g3 O-O 5.Bg2 d6 6.Nc3 c6 7.O-O Qa5 8.e4 Na6 9.h3
e5 10.Be3 h6 11.a3 Qc7 12.b4 Qe7 13.Re1 Nc7 14.dxe5 Nfe8 15.exd6 Qxd6 16.Qc1
Ne6 17.Bxh6 Qd3 18.Bxg7 N8xg7 19.Rd1 Qxc4 20.Bf1 {#r} 1-0

[Event "83rd ch-BRA 2017"]
[Site "masterchessopen.com Rio de Janeiro BRA"]
[Date "2017.02.11"]
[Round "8.6"]
[White "Carneiro,Vitor Roberto Castro"]
[Black "Souza Neves,A"]
[Result "1-0"]
[WhiteElo "2426"]
[BlackElo "2218"]

1.Nf3 g6 2.d4 Bg7 3.Bf4 d6 4.e3 Nd7 5.h3 e5 6.Bh2 Nh6 7.c4 O-O 8.Nc3 c6 9.Be2
f5 10.O-O g5 11.b4 g4 12.hxg4 fxg4 13.Ne1 exd4 14.exd4 g3 15.Bxg3 Nf5 16.Bh2
Bxd4 17.Rc1 Qf6 18.Ne4 Qh4 19.g4 Be5 20.Bxe5 Nxe5 21.Ng2 Qh3 22.Rc3 Qh6
23.gxf5 Bxf5 24.Qxd6 {#r} 1-0

[Event "90th Veliko Tarnovo GM"]
[Site "masterchessopen.com Veliko Tarnovo BUL"]
[Date "2017.02.11"]
[Round "8.2"]
[White "Dinev,De"]
[Black "Erdogdu,M"]
[Result "1-0"]
[WhiteElo "2297"]
[BlackElo "2453"]

1.e4 c5 2.Nc3 d6 3.f4 Nc6 4.Bb5 Bd7 5.Nf3 g6 6.Qe2 Bg7 7.O-O Nd4 8.Nxd4 cxd4
9.Bxd7+ Qxd7 10.Nb5 a6 11.Na3 b5 12.d3 Nf6 13.Qf2 O-O 14.h3 e5 15.g4 exf4
16.Bxf4 Qe6 17.Qg3 d5 18.e5 Nd7 19.Rae1 Rfe8 20.Nb1 Rac8 21.c3 Bxe5 22.Bxe5
Nxe5 23.cxd4 Qb6 24.Qf2 Nf3+ 25.Qxf3 Qxd4+ 26.Kh1 Rf8 27.Nc3 Rc5 28.Re7 f5
29.Qe2 Rc6 30.Rd7 Qf6 31.Nxd5 Qe6 32.Qxe6+ Rxe6 33.gxf5 gxf5 34.Rg1+ Kh8
35.Nf4 Rh6 36.Kh2 Rc8 37.Rg2 {#r} 1-0

[Event "90th Veliko Tarnovo GM"]
[Site "masterchessopen.com Veliko Tarnovo BUL"]
[Date "2017.02.11"]
[Round "8.5"]
[White "Pantev,V"]
[Black "Nikolovski,Nikola"]
[Result "0-1"]
[WhiteElo "2430"]
[BlackElo "2311"]

1.Nf3 f5 2.b3 Nf6 3.Bb2 e6 4.c4 Be7 5.g3 O-O 6.Bg2 d6 7.d4 Qe8 8.Nbd2 Nc6 9.a3
Qg6 10.O-O Nd8 11.Qc2 Nf7 12.Rac1 Bd7 13.Rfe1 Qh6 14.e4 f4 15.e5 dxe5 16.dxe5
Ng4 17.h3 fxg3 18.hxg4 Bc5 19.Ne4 gxf2+ 20.Nxf2 Ng5 21.Nd4 Rf4 22.Ne4 Nh3+
23.Bxh3 Qxh3 24.Re2 Raf8 25.Rg2 Qe3+ 26.Nf2 Bxd4 27.Bxd4 Rxd4 28.Qc3 Rd1+ {#R}
0-1

[Event "PRO League Group Stage"]
[Site "masterchessopen.com chess.com INT"]
[Date "2017.02.11"]
[Round "5"]
[White "Orlov,G"]
[Black "Astaneh Lopez,A"]
[Result "1-0"]
[WhiteElo "2475"]
[BlackElo "2417"]

1.e4 c6 2.Nc3 d5 3.Nf3 Nf6 4.e5 Ne4 5.Bd3 Nc5 6.Bf1 d4 7.Ne2 d3 8.Nf4 Bf5
9.cxd3 Bxd3 10.b4 Bxf1 11.bxc5 Ba6 12.e6 f6 13.Bb2 g6 14.h4 Bh6 15.Ng5 fxg5
16.hxg5 Bxg5 17.Qg4 Bf6 18.Bxf6 exf6 19.Qxg6+ hxg6 20.Rxh8+ Ke7 21.Nxg6+ Kxe6
22.Rxd8 b6 23.Rb1 b5 24.Rb4 Bb7 25.Rbd4 Na6 26.Nf8+ Ke5 27.Ng6+ Ke6 28.Nf4+
Kf5 29.Rxa8 Bxa8 30.Nd3 Bb7 31.Rd7 Bc8 32.Rxa7 Ke4 33.Ke2 Kd4 34.f3 b4 35.g4
Nxc5 36.Nxb4 Be6 37.Nxc6+ Kc4 38.Ke3 Kd5 39.Nb4+ Kc4 40.a3 Bd7 41.d4 {#r} 1-0

[Event "PRO League Group Stage"]
[Site "masterchessopen.com chess.com INT"]
[Date "2017.02.11"]
[Round "5"]
[White "Orlov,G"]
[Black "Gelip,I"]
[Result "1-0"]
[WhiteElo "2475"]
[BlackElo "2187"]

1.e4 c5 2.Nf3 d6 3.d4 cxd4 4.Nxd4 Nf6 5.Nc3 a6 6.Be2 e5 7.Nb3 Be6 8.O-O Be7
9.f4 exf4 10.Bxf4 Nc6 11.Qd2 Qb6+ 12.Kh1 Rd8 13.Nd5 Bxd5 14.exd5 Ne5 15.Be3
Qc7 16.Nd4 Rc8 17.c4 O-O 18.Nf5 Rfe8 19.Bd4 Bf8 20.Rac1 Qd7 21.b3 Kh8 22.Ng3
Be7 23.h3 Bf8 24.a4 Qd8 25.a5 Kg8 26.Rf2 Nfd7 27.Rcf1 g6 28.Ne4 Qe7 29.Qf4 Bg7
30.Qg3 Nc5 31.Bxc5 dxc5 32.Ng5 Qd8 33.Bd1 Qxa5 34.Qh4 h6 35.Nxf7 Nxf7 36.Rxf7
Qd2 37.Bg4 Rb8 38.Be6 Kh8 39.Rxg7 Kxg7 40.Rf7+ Kh8 41.Qf6+ {#r} 1-0

[Event "PRO League Group Stage"]
[Site "masterchessopen.com chess.com INT"]
[Date "2017.02.11"]
[Round "5"]
[White "Grabinsky,Aaron"]
[Black "Pavasovic,D"]
[Result "1-0"]
[WhiteElo "2380"]
[BlackElo "2548"]

1.d4 d5 2.Bf4 Nf6 3.e3 c5 4.Nd2 Nc6 5.c3 cxd4 6.exd4 Bf5 7.Ngf3 e6 8.Nh4 Bg4
9.Qb3 Qd7 10.Bd3 Be7 11.Nhf3 O-O 12.O-O Bh5 13.Ne5 Nxe5 14.dxe5 Ne8 15.c4 Nc7
16.Rac1 Bg6 17.Rfd1 Bxd3 18.Qxd3 Rfd8 19.Ne4 Qa4 20.Nd6 Qa6 21.b3 Rd7 22.a4
dxc4 23.Qxc4 Nd5 24.Bg3 h6 25.h3 Qb6 26.Rd3 Rc7 27.Rxd5 Rxc4 28.Nxc4 Qxb3
29.Rb5 Qxa4 30.Rxb7 Bg5 31.f4 Rc8 32.fxg5 Rxc4 33.Rf1 Rb4 34.Re7 hxg5 35.Rfxf7
Qd1+ 36.Kh2 Qh5 37.Rxg7+ Kh8 38.Rxa7 Rb2 39.Rge7 Rb8 40.Rxe6 Re8 41.Rf6 g4
42.Rf4 {#r} 1-0

[Event "PRO League Group Stage"]
[Site "masterchessopen.com chess.com INT"]
[Date "2017.02.11"]
[Round "5"]
[White "Balleisen,Aaron S"]
[Black "Dhulipalla,Bala Chandra Prasad"]
[Result "0-1"]
[WhiteElo "2127"]
[BlackElo "2353"]

1.c4 e5 2.g3 Nf6 3.Bg2 Nc6 4.Nc3 Bb4 5.Nd5 Bc5 6.Nf3 d6 7.O-O O-O 8.d3 h6 9.a3
a6 10.b4 Ba7 11.Bb2 Nxd5 12.cxd5 Ne7 13.d4 e4 14.Nd2 f5 15.Qb3 Kh8 16.Rac1 Bd7
17.f3 e3 18.Qxe3 f4 19.Qb3 fxg3 20.hxg3 Nf5 21.Ne4 Nxd4 22.Bxd4 Bxd4+ 23.e3
Bb6 24.Rce1 a5 25.b5 a4 26.Qd3 Ra5 27.Rb1 Qe8 28.Rfc1 Bxb5 29.Qd2 Bd7 30.Rb4
Qe5 31.Rd1 Rf5 32.f4 Qe7 33.Kf2 Rh5 34.Qe2 Rhxd5 35.Rxd5 Rxd5 36.Qc4 Rd2+
37.Ke1 Rxg2 38.Kf1 Bh3 39.Ke1 Ba5 40.Qd5 Bxb4+ 41.axb4 c6 42.Qa5 Qxe4 {#R} 0-1

[Event "PRO League Group Stage"]
[Site "masterchessopen.com chess.com INT"]
[Date "2017.02.11"]
[Round "5"]
[White "Fishbein,A"]
[Black "Kuipers,S"]
[Result "1-0"]
[WhiteElo "2481"]
[BlackElo "2414"]

1.Nf3 d5 2.g3 Bg4 3.Bg2 Nd7 4.O-O e5 5.d3 Ngf6 6.c4 d4 7.h3 Bh5 8.Nh4 c6 9.Nd2
Be7 10.Nf5 O-O 11.Nxe7+ Qxe7 12.Rb1 a5 13.Re1 Rfe8 14.b3 Bg6 15.Bb2 Rad8
16.Nf3 h6 17.Qd2 b6 18.e3 dxe3 19.Rxe3 Qd6 20.Rbe1 e4 21.dxe4 Qxd2 22.Nxd2 Nc5
23.Bc3 Nd3 24.Rf1 Nb4 25.e5 Nc2 26.Bxc6 Nxe3 27.fxe3 Re6 28.exf6 Rxc6 29.Nf3
gxf6 30.Nd4 Rcd6 31.Rf4 Re8 32.Kf2 Re4 33.Rf3 h5 34.Nb5 Rd1 35.Rxf6 Rc1
36.Rxb6 Rc2+ 37.Kf3 Re8 38.Nd6 Ra8 39.Be5 Kf8 40.a4 Ke7 41.Nb5 Bf5 42.Bf6+ Kd7
43.Rd6+ Kc8 44.Rd8+ Kb7 45.Nd6+ {#r} 1-0

[Event "PRO League Group Stage"]
[Site "masterchessopen.com chess.com INT"]
[Date "2017.02.11"]
[Round "5"]
[White "Lenderman,A"]
[Black "Abhishek,K"]
[Result "1-0"]
[WhiteElo "2573"]
[BlackElo "2381"]

1.d4 d5 2.c4 c6 3.Nf3 Nf6 4.Qc2 dxc4 5.Qxc4 Bf5 6.g3 e6 7.Bg2 Be7 8.O-O O-O
9.Rd1 Nbd7 10.e3 h6 11.Qe2 Rc8 12.Nc3 Ne4 13.Ne1 Nxc3 14.bxc3 Qa5 15.Bd2 Nb6
16.e4 Bg6 17.Nd3 Bh5 18.f3 Bg6 19.c4 Qa6 20.Ne5 Bh7 21.Bf1 Bf6 22.Be3 c5
23.Rac1 cxd4 24.Bxd4 Rfd8 25.Qb2 Qa5 26.c5 Bxe5 27.Bxe5 Rxd1 28.Rxd1 Qxc5+
29.Bd4 Qf8 30.Bxb6 axb6 31.Qxb6 Bg6 32.Qxb7 Qc5+ 33.Kh1 Kh7 34.Qb2 Ra8 35.Rd2
Bh5 36.Kg2 Qe3 37.g4 Bg6 38.Rd3 Qe1 39.a3 Rc8 40.Qf2 Qc1 41.Be2 Rc2 42.Re3 Ra2
43.f4 Rxa3 44.Rxa3 Bxe4+ 45.Bf3 Qxa3 46.Bxe4+ g6 47.f5 exf5 48.gxf5 {#r} 1-0

[Event "PRO League Group Stage"]
[Site "masterchessopen.com chess.com INT"]
[Date "2017.02.11"]
[Round "5"]
[White "Stripunsky,A"]
[Black "Beerdsen,Thomas"]
[Result "1-0"]
[WhiteElo "2536"]
[BlackElo "2413"]

1.d4 Nf6 2.Bf4 e6 3.e3 c5 4.Nd2 Nc6 5.c3 d5 6.Ngf3 Be7 7.Bd3 Nh5 8.Be5 Nxe5
9.dxe5 f5 10.Bb5+ Bd7 11.a4 a6 12.Bxd7+ Qxd7 13.O-O O-O 14.Qe2 b5 15.Ra2 bxa4
16.Rfa1 Rfb8 17.g3 g6 18.Rxa4 Rxb2 19.Rxa6 Rxa6 20.Qxa6 Rb7 21.Qa8+ Kg7 22.h3
f4 23.exf4 d4 24.c4 h6 25.Ne4 d3 26.Nd6 Bxd6 27.exd6 Qc6 28.Ra7 {#r} 1-0

[Event "PRO League Group Stage"]
[Site "masterchessopen.com chess.com INT"]
[Date "2017.02.11"]
[Round "5"]
[White "Stripunsky,A"]
[Black "Pruijssers,R"]
[Result "1-0"]
[WhiteElo "2536"]
[BlackElo "2502"]

1.e4 e5 2.Nf3 Nc6 3.Bb5 f5 4.d3 fxe4 5.dxe4 Nf6 6.Qe2 Bb4+ 7.Nbd2 d6 8.O-O Bd7
9.Nb3 Na5 10.Bxd7+ Qxd7 11.Bg5 O-O 12.c3 Nxb3 13.axb3 Bc5 14.Nxe5 dxe5 15.Bxf6
Qe6 16.b4 Bxf2+ 17.Rxf2 Rxf6 18.Rxf6 Qxf6 19.Rf1 Qb6+ 20.Kh1 Qe6 21.Qb5 b6
22.h3 a6 23.Qd3 b5 24.Rf5 Re8 25.Qd5 c6 26.Qc5 g6 27.Rf1 Re7 28.Qb6 Rf7
29.Rxf7 Kxf7 30.Qc7+ Qe7 31.Qxc6 Qg5 32.Qb7+ Kf8 33.Qa8+ Kg7 34.Qa7+ Kh6
35.Qf2 Qc1+ 36.Kh2 Kg7 37.Qg3 Kf6 38.Qf2+ Kg7 39.Qh4 Qxb2 40.Qe7+ Kg8 41.Qe8+
Kg7 42.Qxe5+ Kg8 43.Qd4 Qe2 44.e5 h5 45.Qd6 Kh7 46.Qf6 Qd2 47.Qe7+ Kh6 48.Qf8+
Kh7 49.e6 Qxc3 50.Qf7+ Qg7 51.Qd7 Kh6 52.Qd2+ Kh7 53.Qd6 Qf6 54.Qc7+ Kg8
55.Qd6 h4 56.Kg1 Kg7 57.Qd7+ Kg8 58.e7 Qa1+ 59.Kf2 Qb2+ 60.Kf3 Qc3+ 61.Ke4
Qxb4+ 62.Kd5 Qd2+ 63.Kc6 Qxg2+ 64.Kc7 Qg3+ 65.Qd6 Qc3+ 66.Kd8 Qa5+ 67.Kd7 {#r}
1-0

[Event "PRO League Group Stage"]
[Site "masterchessopen.com chess.com INT"]
[Date "2017.02.11"]
[Round "5"]
[White "Ghasi,A"]
[Black "Cheng,Bi"]
[Result "1-0"]
[WhiteElo "2455"]
[BlackElo "2397"]

1.Nf3 Nf6 2.g3 d5 3.Bg2 c6 4.O-O Bf5 5.b3 h6 6.Bb2 e6 7.d3 Be7 8.Nbd2 O-O
9.Qe1 Bh7 10.e4 a5 11.a3 Qb6 12.Rb1 Re8 13.Qe2 Qa6 14.Rfe1 dxe4 15.dxe4 Qxe2
16.Rxe2 Nbd7 17.Nd4 Nb6 18.f3 a4 19.b4 c5 20.Nb5 Rac8 21.c3 Red8 22.Bf1 cxb4
23.axb4 g5 24.Rc1 g4 25.f4 Nc4 26.Nxc4 Rxc4 27.e5 Nd5 28.Ree1 Re4 29.Red1 Ra8
30.Kf2 Re3 31.Nd4 a3 32.Ba1 Re4 33.Bd3 Nxf4 34.gxf4 Rxf4+ 35.Kg2 Bxd3 36.Rxd3
Re4 37.Rdd1 Bh4 38.Rc2 Rd8 39.Rcd2 Rxe5 40.c4 Be1 41.Rd3 Bxb4 42.Nb3 Re2+
43.Kg3 Rxd3+ 44.Rxd3 h5 45.c5 e5 46.Kh4 Rxh2+ 47.Kg5 Re2 48.Kxh5 Re4 49.Kg5
Kg7 50.Kf5 Rf4+ 51.Kxe5 Rf1 52.Kd5+ Kg6 53.Rd4 f5 54.Rxb4 g3 55.Rxb7 Kg5
56.Rg7+ Kh4 57.c6 {#r} 1-0

[Event "PRO League Group Stage"]
[Site "masterchessopen.com chess.com INT"]
[Date "2017.02.11"]
[Round "5"]
[White "Zaremba,An"]
[Black "Shaposhnikov,E"]
[Result "0-1"]
[WhiteElo "2348"]
[BlackElo "2557"]

1.d4 Nf6 2.Nf3 e6 3.g3 d5 4.Bg2 Be7 5.c4 O-O 6.Nc3 c6 7.O-O Nbd7 8.b3 b6 9.Bb2
Ba6 10.Nd2 Rc8 11.Re1 c5 12.dxc5 dxc4 13.c6 Nb8 14.Nxc4 Nxc6 15.Rc1 Bc5 16.Ne4
Nxe4 17.Bxe4 Qe7 18.e3 Bb4 19.Rf1 Na5 20.Qh5 f5 21.Bd3 Nxc4 22.Bxc4 Bxc4
23.bxc4 Ba3 24.Qe2 Bxb2 25.Qxb2 Rc5 26.Rfd1 Rfc8 27.Qd4 b5 28.Qd7 Kf7 29.Rd4
R8c7 30.Qxe7+ Kxe7 31.Kf1 Rxc4 32.Rcd1 Rxd4 33.Rxd4 Rc1+ 34.Kg2 Rc4 35.Rd3 b4
36.a3 a5 37.axb4 Rxb4 38.h4 a4 39.Kf3 Rb7 40.Ra3 Ra7 41.e4 Kd6 42.exf5 exf5
43.Kf4 g6 44.h5 Kc5 45.Kg5 Ra6 46.Kh6 Kb4 47.Ra1 a3 48.Kxh7 gxh5 {#R} 0-1

[Event "PRO League Group Stage"]
[Site "masterchessopen.com chess.com INT"]
[Date "2017.02.11"]
[Round "5"]
[White "Zaremba,An"]
[Black "Yatzenko,A"]
[Result "0-1"]
[WhiteElo "2348"]
[BlackElo "2361"]

1.d4 Nf6 2.Nf3 e6 3.c4 b6 4.g3 Bb7 5.Bg2 Be7 6.O-O O-O 7.Nc3 Ne4 8.Qc2 f5
9.Nd2 d5 10.Ndxe4 dxe4 11.Rd1 Nd7 12.f3 exf3 13.exf3 c5 14.d5 e5 15.Re1 Bd6
16.Nd1 Qc7 17.Ne3 g6 18.Bd2 Rae8 19.Bc3 Bc8 20.Re2 Qd8 21.Rae1 Qg5 22.Nf1 e4
23.f4 Qd8 24.h4 Nf6 25.Ne3 h5 26.b3 Rf7 27.Bb2 Bf8 28.Rd1 Bd6 29.a3 Kh7 30.Qc3
Qe7 31.Ba1 Rg8 32.Kf1 Qf8 33.Ke1 Ne8 34.Kd2 Be7 35.Qc2 Nd6 36.Ke1 Bd7 37.b4
Qd8 38.Kf1 Nb7 39.b5 Nd6 40.Be5 Bc8 41.a4 a5 42.bxa6 Bxa6 43.Rb1 Nc8 44.Kg1
Bd6 45.Ba1 Bc7 46.Rd2 Nd6 47.Bf1 Qd7 48.Be5 Ra8 49.Be2 Bc8 50.Bd1 Qe7 51.Qc3
Bd7 52.Ra2 Ra7 53.Qd2 Rf8 54.Bc3 Rfa8 55.Rba1 Ne8 56.a5 b5 57.cxb5 Bxb5 58.Bc2
Nd6 59.Rb1 Qd8 60.Rba1 Nc4 61.Qe2 Na3 62.Qd2 Nxc2 63.Qxc2 Bd3 64.Qd2 Ra6
65.Rb2 R8a7 66.Rba2 Kh6 67.Kg2 Rb7 68.Be5 Rb5 69.Bxc7 Qxc7 70.Qc3 Qg7 71.Qe5
c4 72.Ra4 c3 73.R1a2 Rb2+ 74.Kg1 c2 75.Nxc2 Rxc2 76.d6 Rcc6 77.Rd4 Ra7
78.Qxg7+ Kxg7 79.d7 Rxd7 80.Rxd7+ Kh6 81.Kf2 Ba6 82.Ra3 Rc2+ 83.Ke3 Re2+
84.Kd4 Rd2+ 85.Kc5 Rxd7 86.Kb6 Rd6+ 87.Kc5 Re6 88.Kd5 Rf6 89.Rb3 Bf1 90.Rb6
Rxb6 91.axb6 Ba6 92.Kd4 {#R} 0-1